Design and FPGA implementation of a non data aided bluetooth 2.0 transceiver / (رقم التسجيلة. 12739)
[ عرض عادي ]
| 000 -LEADER | |
|---|---|
| fixed length control field | 015430000a22003370004500 |
| 003 - CONTROL NUMBER IDENTIFIER | |
| control field | EG-GICUC |
| 005 - DATE AND TIME OF LATEST TRANSACTION | |
| control field | 20250223025427.0 |
| 008 - FIXED-LENGTH DATA ELEMENTS--GENERAL INFORMATION | |
| fixed length control field | 080817s2008 ua dh f m 000 0 eng d |
| 040 ## - CATALOGING SOURCE | |
| Original cataloging agency | EG-GICUC |
| Language of cataloging | eng |
| Transcribing agency | EG-GICUC |
| 041 0# - LANGUAGE CODE | |
| Language code of text/sound track or separate title | Eng |
| 049 ## - LOCAL HOLDINGS (OCLC) | |
| Holding library | Deposite |
| 097 ## - Thesis Degree | |
| Thesis Level | M.Sc |
| 099 ## - LOCAL FREE-TEXT CALL NUMBER (OCLC) | |
| Classification number | Cai01.13.08.M.Sc.2008.Kh.D |
| 100 0# - MAIN ENTRY--PERSONAL NAME | |
| Personal name | Khaled Salah Mohammed |
| 245 10 - TITLE STATEMENT | |
| Title | Design and FPGA implementation of a non data aided bluetooth 2.0 transceiver / |
| Statement of responsibility, etc. | Khaled Salah Mohammed ; Supervised Serag Eldin Habib , Hisham Hamed |
| 246 15 - VARYING FORM OF TITLE | |
| Title proper/short title | تنفيذ دوائر ارسال واستقبال البلوتوث 2 باستخدام بوابات المنطق المبرمجه حقليا |
| 260 ## - PUBLICATION, DISTRIBUTION, ETC. | |
| Place of publication, distribution, etc. | Cairo : |
| Name of publisher, distributor, etc. | Khaled Salah Mohammed , |
| Date of publication, distribution, etc. | 2008 |
| 300 ## - PHYSICAL DESCRIPTION | |
| Extent | 112P. : |
| Other physical details | charts , facsimiles ; |
| Dimensions | 30cm |
| 502 ## - DISSERTATION NOTE | |
| Dissertation note | Thesis (M.Sc.) - Cairo University - Faculty Of Engineering - Department Of Electronics and Communications |
| 520 ## - SUMMARY, ETC. | |
| Summary, etc. | Classical designs of the bluetooth receiver utilize data aided techniques to correct carrier frequency offsets and symbol timing errors non data aided techniques offer an alternate higher performance approach to correct the same problems at the penalty of an increased hardware complexity and cost |
| 530 ## - ADDITIONAL PHYSICAL FORM AVAILABLE NOTE | |
| Additional physical form available note | Issued also as CD |
| 653 #4 - INDEX TERM--UNCONTROLLED | |
| Uncontrolled term | Bluetooth |
| 653 #4 - INDEX TERM--UNCONTROLLED | |
| Uncontrolled term | FPGA |
| 653 #4 - INDEX TERM--UNCONTROLLED | |
| Uncontrolled term | VHDL |
| 700 0# - ADDED ENTRY--PERSONAL NAME | |
| Personal name | Hisham Hamed , |
| Relator term | |
| 700 0# - ADDED ENTRY--PERSONAL NAME | |
| Personal name | Serag Eldin Habib , |
| Relator term | |
| 856 ## - ELECTRONIC LOCATION AND ACCESS | |
| Uniform Resource Identifier | <a href="http://172.23.153.220/th.pdf">http://172.23.153.220/th.pdf</a> |
| 905 ## - LOCAL DATA ELEMENT E, LDE (RLIN) | |
| Cataloger | Enas |
| Reviser | Cataloger |
| 905 ## - LOCAL DATA ELEMENT E, LDE (RLIN) | |
| Cataloger | Mustafa |
| Reviser | Revisor |
| 942 ## - ADDED ENTRY ELEMENTS (KOHA) | |
| Source of classification or shelving scheme | Dewey Decimal Classification |
| Koha item type | Thesis |
| Source of classification or shelving scheme | Not for loan | Home library | Current library | Date acquired | Full call number | Barcode | Date last seen | Koha item type | Copy number |
|---|---|---|---|---|---|---|---|---|---|
| Dewey Decimal Classification | المكتبة المركزبة الجديدة - جامعة القاهرة | قاعة الرسائل الجامعية - الدور الاول | 11.02.2024 | Cai01.13.08.M.Sc.2008.Kh.D | 01010110049560000 | 22.09.2023 | Thesis | ||
| Dewey Decimal Classification | المكتبة المركزبة الجديدة - جامعة القاهرة | مخـــزن الرســائل الجـــامعية - البدروم | 11.02.2024 | Cai01.13.08.M.Sc.2008.Kh.D | 01020110049560000 | 22.09.2023 | CD - Rom | 49560.CD |